Jingle Bell Rock - Statistics

General Stats
  • This quiz has been taken 4 times
  • The average score is 118 of 186
Answer Stats
Answer % Correct
a
100%
and
100%
bell
100%
Jingle
100%
jingle
100%
rock
100%
the
100%
dancin'
75%
it's
75%
now
75%
that's
75%
air
50%
bright
50%
frosty
50%
go
50%
in
50%
is
50%
night
50%
of
50%
prancin'
50%
swing
50%
time
50%
what
50%
a-mingle
25%
around
25%
away
25%
begun
25%
bushels
25%
chime
25%
clock
25%
feet
25%
fun
25%
has
25%
hop
25%
jinglin'
25%
jingling
25%
mix
25%
one-horse
25%
pick
25%
right
25%
sleigh
25%
square
25%
swell
25%
to
25%
up
25%
your
25%
bells
0%
blowin'
0%
giddy-up
0%
glidin'
0%
horse
0%
ring
0%
snowin'
0%
No matching quizzes found
Score Distribution
Percent of People with Each Score
Percentile by Number Answered
Your Score History
You have not taken this quiz